00819nam a22002297a 450000500170000001000150001702000230003202000260005503500130008103700130009408200110010710000280011824500860014625000170023226000570024927000410030630000240034750000400037194200250041199900170043695201360045320100816113522.0 aENG-100606 a8187710179c400.00 a9788187710172c400.00 aEN-84139 bDBAD/PUB a220.21 aArya, Ravi Prakash9737 aVedic meteorlogy :bvedic science of weather modification /cby Ravi Prakash Arya a2nd rev. ed. aHaryanabIndian Foundation For Vedic Sciencec(200?) aH.O.1051, Sector-1, Rohtak bHaryana axi,205p.c22cm (Hb) aIncludes bibliographical references 2ddccENh220.21mARY c42081d42081 001040718NFICaDBADbDBADd2010-08-16eDBAD/PUBg400.00l0o220.21 ARYpEN-84139r2010-08-16 00:00:00t1v400.00w2010-08-16yEN